• 首页
  • 本馆介绍
  • 公告通知
  • 最新文献
  • 馆藏检索
  • 电子资源
  • 读者荐购
  • 参考咨询
  • CALIS
  • 我的图书馆
  • 登录
  • 详细信息显示
  • 放入我的书架
  • 预约/预借图书
  • 作者相关作品
  • 分类相关作品
  • 丛书相关作品
  • 出版社相关作品

书目信息

  • 表格格式
  • 工作单格式
  • 卡片格式
题名:
展览空间设计(2)
    
 
作者: 陈孝生 选编
分册:  
出版信息: 福州   福建科学技术出版社  1993.09
页数: 136页
开本: 16开
丛书名:
单 册:
中图分类: TU242.5
科图分类:
主题词: 民用建筑--建筑设计
电子资源:
ISBN: 7-5335-0718-5
 
 
 
 
 
000 00575nam0 2200193 45
001 0007271074
005 20000727104659.6
010    @a7-5335-0718-5@d50.00元
100    @a20000727d1993 km y0chiy0120 ea
101 0  @achi
105    @a z 000yy
200 1  @a展览空间设计(2)@AZhan Lan Kong Jian She Ji(2)@f陈孝生 选编@FChen Xiao Sheng Xuan Bian
210    @a福州@c福建科学技术出版社@d1993.09
215    @a136页@d16开
606 0  @a民用建筑@x建筑设计
690    @aTU242.5@v3
701  0 @a陈孝生@4选编
801    @aCN@bPftUser@c20000727
905    @b80458-467@dTU242.5@eCH798@f10
    
    展览空间设计(2)/陈孝生 选编.-福州:福建科学技术出版社,1993.09
    136页;16开
    
    
    ISBN 7-5335-0718-5:50.00元
    
●
相关链接 在E读中查询图书 在当当中查询图书 在豆瓣中查询图书


正题名:展览空间设计(2)     索取号:TU242.5/CH798         预约/预借

序号 登录号 条形码 馆藏地/架位号 状态 备注
1 80458   200804585   建筑与城市规划学院资料室/101建筑库 37排4列5层/ [索取号:TU242.5/CH798] 在馆    
2 80459   200804594   自科二线404/404自科库 21排5列3层/ [索取号:TU242.5/CH798] 在馆    
3 80460   200804601   建筑库101/101建筑库 67排5列1层/ [索取号:TU242.5/CH798] 在馆    
4 80461   200804610   建筑与城市规划学院资料室/101建筑库 37排4列5层/ [索取号:TU242.5/CH798] 在馆    
5 80462   200804629   建筑库101/101建筑库 67排5列1层/ [索取号:TU242.5/CH798] 在馆    
6 80463   200804638   建筑库101/101建筑库 67排5列3层/ [索取号:TU242.5/CH798] 在馆    
7 80464   200804647   建筑库101/101建筑库 67排5列1层/ [索取号:TU242.5/CH798] 在馆    
8 80465   200804656   建筑库101/101建筑库 67排5列3层/ [索取号:TU242.5/CH798] 在馆    
9 80466   200804665   建筑库101/101建筑库 67排5列1层/ [索取号:TU242.5/CH798] 在馆    
10 80467   200804674   自科二线404/404自科库 21排5列3层/ [索取号:TU242.5/CH798] 在馆    
河南城建学院图书馆 欢迎您!
大连网信软件有限公司© 版权所有